000 00750nam a22002057a 4500
003 OSt
005 20140310182339.0
008 130925t xxu||||| |||| 00| 0 eng d
020 _a9780199124510
050 _aPB 6.209.1en
_b.B768 2004
100 _aBourdais, Danie`le.
_921661
245 _aEquipe nouvelle. 1 Encore Cashier d' activites /
_cDaniele Bourdais.
260 _aOxford:
_bOxford University Press,
_cc2004.
300 _a63 p. :
_bill. ;
_c28 cm.
651 _aFrench language
_xStudy and teaching (Secondary)
_xEnglish speakers.
_921662
651 _aFrench language
_xTextbooks for foreign speakers
_xEnglish.
_921663
651 _aFrench language
_xStudy and teaching (Secondary)
_921664
942 _2lcc
_cBK-TR
999 _c12105
_d12105